| 000 | 00872nam a22002297a 4500 | ||
|---|---|---|---|
| 005 | 20151027102939.0 | ||
| 008 | 151027b pe ||||| |||| 00| 0 spa d | ||
| 050 | 0 | 4 |
_aKHQ2664.C9 _bC66 2004 |
| 245 | 0 | 0 |
_aCompendio de resoluciones defensoriales / _cedición Rolando Luque Mogrovejo ; colaboración Karina Grados, Guido Velásquez, Andrea Peralta. |
| 250 | _a1a ed. | ||
| 260 |
_aLima, Perú : _bDefensoría del Pueblo, _c2004 |
||
| 300 |
_a2 v. ; _c24 cm. |
||
| 504 | _aIncluye índice | ||
| 505 | 0 |
_aContenido : _tV.1 Enero 1997-Octubre 2000 _tV.2 Noviembre 2000-Marzo 2004 |
|
| 650 | 4 |
_aResoluciones _xDerecho _vCompendio _zPerú |
|
| 650 | 7 |
_2LEMB _aDicisiones judiciales _zPerú |
|
| 700 | 1 |
_aLuque Mogrovejo, Rolando, _eed. |
|
| 700 | 1 |
_aGrados, Karina, _ecolab. |
|
| 700 | 1 |
_aVelásquez, Guido, _ecolab. |
|
| 700 | 1 |
_aPeralta, Andrea, _ecolab. |
|
| 942 |
_2lcc _cLIB |
||
| 999 |
_c105899 _d105899 |
||